الدين الاسلامى و عناصر التغير السكانى : دراسة تصنيفية تحليلية لمحتوى النصوص الاسلامية الخاصة بعناصر ديناميكية السكان
Saved in:
| Main Author: | |
|---|---|
| Other Authors: | , , |
| Format: | Thesis |
| Language: | Arabic |
| Published: |
عمان
: جامعة الأردنية،
1993
|
| Subjects: | |
| Tags: |
Add Tag
No Tags, Be the first to tag this record!
|
| LEADER | 015370000a22003370004500 | ||
|---|---|---|---|
| 001 | 88295 | ||
| 005 | 20080527162100.0 | ||
| 008 | 940426s1993 ara | ||
| 035 | |a 313917 | ||
| 035 | |a (Sirsi) 88295 | ||
| 040 | |a UIAM |b eng | ||
| 041 | 0 | |a araeng | |
| 049 | |b m | ||
| 050 | |a BP173.25 | ||
| 100 | 1 | |a حرب، سليمان حاج محمود | |
| 242 | 1 | 3 | |a al-Din al-Islami wa-'anasir al-taghayyur al-sukkani :dirasah tasnifiyah tahliliyah li-muhtawa al-nusus al-Islamiyah al-khassah bi-'anasir dinamikiyat al-sukkan / |c i'dad Sulayman al-Hajj Mahmud Harb ; ishraf Ahmad Hammudah, Mahmud al-Sartawi |
| 245 | 1 | 2 | |a الدين الاسلامى و عناصر التغير السكانى : |b دراسة تصنيفية تحليلية لمحتوى النصوص الاسلامية الخاصة بعناصر ديناميكية السكان |
| 260 | 1 | |a عمان |b : جامعة الأردنية، |c 1993 | |
| 300 | |a 332 leaves | ||
| 500 | |a Summary in English. | ||
| 502 | |a Author's thesis (M.A.)--al-Jami'ah al-Urduniyah, 1993. | ||
| 596 | |a 1 | ||
| 650 | 0 | |a Population policy |x Religious aspects Islam Qur'anic teaching | |
| 650 | 0 | |a Sociology, Islamic |x Qur'anic teaching | |
| 655 | 0 | 7 | |a Theses, non-IIUM |
| 700 | 1 | |a Harb, Sulayman al-Hajj Mahmud | |
| 700 | 1 | |a Hammudah, Ahmad | |
| 700 | 1 | |a Sartawi, Mahmud Fayiz Ibrahim | |
| 900 | |a checked a r r 081094 | ||
| 999 | |c 430510 |d 462001 | ||
| 952 | |0 0 |6 T BP 000173.25 H255D |7 0 |8 THESES |9 749770 |a IIUM |b IIUM |c MULTIMEDIA |g 0.00 |o t BP173.25H255D |p 00000313919 |r 2017-10-17 |t 1 |v 0.00 |y THESIS | ||
